[Event "Rotterdam Pathena op"]
[Site "Rotterdam"]
[Date "2015.05.05"]
[Round "4"]
[White "De Jager, Leo"]
[Black "Schraa, Ger"]
[Result "1-0"]
[WhiteElo "1888"]
[BlackElo "1168"]
[PlyCount "67"]
[EventDate "2015.05.02"]
[EventType "swiss"]
[EventRounds "7"]
[EventCountry "NED"]
[SourceTitle "CBM 166 Extra"]
[Source "ChessBase"]
[SourceDate "2015.06.18"]
[SourceVersion "1"]
[SourceVersionDate "2015.06.18"]
[SourceQuality "1"]

1. d4 Nf6 2. Nf3 e6 3. e3 Be7 4. Bd3 c6 5. 0-0 0-0 6. Nbd2 d6 7. Qe2 Re8 8. Re1 Nbd7 9. e4 Nf8 10. c3 N6d7 11. e5 d5 12. h3 Ng6 13. Nf1 Ndf8 14. g3 Nh8 15. h4 h6 16. Kg2 b6 17. Bd2 f5 18. exf6 Bxf6 19. N1h2 Nf7 20. Ng4 Be7 21. Nge5 Bb7 22. Nxf7 Kxf7 23. Ne5+ Kg8 24. Qh5 Bf6 25. Qf7+ Kh8 26. Qxb7 Qc8 27. Qf7 Re7 28. Qh5 Rc7 29. Ng4 Qe8 30. Nxf6 gxf6 31. Qxh6+ Nh7 32. Bxh7 Rxh7 33. Qxf6+ Rg7 34. Bh6 1-0

[Event "Spijkenisse op"]
[Site "Spijkenisse"]
[Date "2010.05.16"]
[Round "5"]
[White "Gerssen, Jeanet"]
[Black "Schraa, Ger"]
[Result "1-0"]
[WhiteElo "1458"]
[BlackElo "1268"]
[PlyCount "91"]
[EventDate "2010.05.14"]
[EventType "swiss"]
[EventRounds "6"]
[EventCountry "NED"]
[SourceTitle "CBM 136 Extra"]
[Source "ChessBase"]
[SourceDate "2010.07.02"]
[SourceVersion "2"]
[SourceVersionDate "2010.07.15"]
[SourceQuality "1"]

1. d4 Nf6 2. c4 e6 3. Nf3 c6 4. Bg5 Be7 5. Nc3 0-0 6. e3 d5 7. cxd5 Nxd5 8. Bxe7 Qxe7 9. Bd3 Nd7 10. 0-0 f6 11. Rc1 N7b6 12. a3 a6 13. Qc2 h6 14. Nh4 Rd8 15. Bh7+ Kf7 16. Qg6+ Kf8 17. Qh5 Qc7 18. Ng6+ Ke8 19. Ne5+ Kf8 20. Ng6+ Ke8 21. Nf4+ Ke7 22. Qg4 Kf8 23. Nxe6+ Bxe6 24. Qxe6 Qf7 25. Qxf7+ Kxf7 26. Bd3 Nc8 27. Nxd5 Rxd5 28. Bc4 Ne7 29. e4 Rad8 30. exd5 cxd5 31. Bd3 Nc6 32. Rxc6 bxc6 33. Rc1 Rc8 34. Bxa6 Rc7 35. h3 Ke7 36. Rc3 Kd6 37. Be2 Re7 38. Kf1 Re4 39. Rd3 Re7 40. Rb3 Re4 41. Rb4 Re7 42. a4 Ra7 43. b3 Kc7 44. Ke1 g5 45. Kd2 Kd6 46. Bf3 1-0

[Event "Spijkenisse op"]
[Site "Spijkenisse"]
[Date "2010.05.16"]
[Round "6"]
[White "Schraa, Ger"]
[Black "De Lange, Steyn"]
[Result "0-1"]
[WhiteElo "1268"]
[BlackElo "1109"]
[PlyCount "98"]
[EventDate "2010.05.14"]
[EventType "swiss"]
[EventRounds "6"]
[EventCountry "NED"]
[SourceTitle "CBM 136 Extra"]
[Source "ChessBase"]
[SourceDate "2010.07.02"]
[SourceVersion "2"]
[SourceVersionDate "2010.07.15"]
[SourceQuality "1"]

1. d4 d5 2. e3 Bf5 3. c4 e6 4. a3 Nf6 5. Nc3 c5 6. Nf3 Nc6 7. cxd5 Nxd5 8. Be2 cxd4 9. Nxd4 Nxd4 10. Qxd4 Nxc3 11. Qxc3 f6 12. 0-0 Bd6 13. Bb5+ Kf7 14. Kh1 Rc8 15. Qd2 Be7 16. Ba4 Rc7 17. f3 Qb8 18. e4 Bg6 19. Qe2 Rd8 20. b4 Kf8 21. Be3 Be8 22. Bb3 a6 23. Bb6 Bb5 24. Bxc7 Qxc7 25. Rac1 Qxc1 26. Rxc1 Bxe2 27. Bxe6 Rd1+ 28. Rxd1 Bxd1 29. Bc8 Bd8 30. Bxb7 a5 31. Kg1 axb4 32. axb4 Be2 33. Kf2 Bb5 34. Bd5 Be7 35. g3 Bxb4 36. f4 Ke7 37. h4 Kd6 38. Bg8 h6 39. Bh7 g5 40. h5 Ke6 41. Bf5+ Ke7 42. Kf3 Ba4 43. Bg6 Ke6 44. Ke3 Be1 45. f5+ Ke5 46. Kd3 Bxg3 47. Ke3 Bf4+ 48. Kd3 Bc6 49. Kc4 Bxe4 0-1